000 00591nam a2200181Ia 4500
008 090124s9999 xx 000 0 und d
082 _b114811
100 _aकाळे व.पु. (वसंत पुरुषोत्तम)
245 _a मॅड - मॅड
250 _a1
260 _c1973
300 _a128
600 _aकाळे व.पु. (वसंत पुरुषोत्तम)
630 _a मॅड - मॅड
700 _aकाळे व.पु. (वसंत पुरुषोत्तम)
730 _a मॅड - मॅड
942 _cBOOK
999 _c160902
_d160902